| 000 | 00864nas a2200289Ia 4500 | ||
|---|---|---|---|
| 001 | 68 | ||
| 003 | CO-MdFUSB | ||
| 005 | 20170331160248.0 | ||
| 008 | 151030s9999 pe 000 0 spa d | ||
| 037 | _bInstituto Cristiano de Estudios Sociales | ||
| 040 |
_aCO-MdFUSB _bspa _cCO-MdFUSB _dCO-MdFUSB _erda |
||
| 041 | 0 |
_aspa _hspa |
|
| 245 | 1 | 0 |
_aTextos para la Acción _cInstituto Cristiano de Estudios Sociales |
| 260 | _aLima | ||
| 264 |
_aPerú : _bInstituto Cristiano de Estudios Sociales |
||
| 300 |
_aVolumen 3 - 9 _c21 cm. |
||
| 310 |
_aNo aplica _b1995 |
||
| 336 |
_2rdacontent _a1 _ba1 |
||
| 337 |
_2rdamedia _a2 _b5 |
||
| 338 | _a2 | ||
| 362 | _a1995 - 2001 | ||
| 546 | _aTexto en español | ||
| 650 | _vPublicaciones seriadas | ||
| 773 | _dLima, Perú : Instituto Cristiano de Estudios Sociales 1995 | ||
| 810 | _hRevista | ||
| 942 |
_cCR _2ddc _a3 |
||
| 999 |
_c49511 _d49511 |
||